00160nam a2200073 4500001000800000005001700008245004700025260001400072125753620260216104538.0 a òˆmer seyfettin asilzadelercmelisa aksu bturkuvaz